00562 2200205 4500001002100000005001500021035002000036245006800056100002100124250000600145300003500151260003900186082001200225084001800237020001800255650003200273990001700305990001700322990001700339INLIS00000000000021020180918020932 a0010-09180000641 aSelayang Pandang Daerah Istimewa Yogyakarta /cKelik Supriyanto0 aKelik Supriyanto a- aiv, 60 hlm. :bilus. ;c21 cm. aKlaten :bPT Intan Pariwara,c2010 a911.598 a911.598 KEL s a978-28-0544-4 aGeografi Historis Indonesia a00911/P/2018 a00912/P/2018 a00913/P/2018